01847nab a22003377a 4500999001500000003000400015005001700019008004100036040001100077100003300088245006000121260007300181300001500254500015400269505043900423505008900862650003300951650003200984650003301016650003001049650003101079650003301110650003501143650003301178650003101211650002701242650004201269650003401311773015101345942001301496 c5330d5330OSt20250221113402.0190603e xxum|||| |||| 00| 0 spa d cPJ-TDF 95106aHernández, Carlos A.10aContratos de larga duración /cCarlos A. Hernández. cCiudad Autónoma de Buenos Aires :aThomson Reuters La Ley, b2024. ap. 115-126 aCita: TR LALEY AR/DOC/1972/2024. Publicado en: R.C.C. y C. 2024 (Septiembre-Octubre). EDICIÓN ESPECIAL: XXIX Jornadas Nacionales de Derecho Civil. aSumario: I. Introducción.— II. Alcances de la categoría de los contratos de larga duración.— III. Los contratos de larga duración en el contexto de la reformulación de la teoría general del contrato.— IV. La regulación de los contratos de larga duración en el Cód. Civ. y Com.— V. La clasificación de los contratos de larga duración: proyección sobre la eficacia y la extinción.— VI. Conclusiones.  t¿Te interesa el texto completo? Solicitalo al correo: koha@justierradelfuego.gov.ar 092597aDEFENSA DEL CONSUMIDOR 091467aRESPONSABILIDAD CIVIL 092597aDEFENSA DEL CONSUMIDOR 094552aRELACION DE CONSUMO 095417aCONTRATOS DE CONSUMO 096376aRESCISION DEL CONTRATO 091497aCODIGO CIVIL Y COMERCIAL 093951aDEBER DE INFORMACIÓN 091606aCONTRATO DE ADHESION 09234aDERECHO COMPARADO 09200aDECRETOS DE NECESIDAD Y URGENCIA 093597aLOCACIÓN DE INMUEBLES0 0271393170dCiudad Autónoma de Buenos Aires : Thomson Reuters La Ley, 2015-tRevista Código Civil y Comercial. Nº 5 - Septiembre-Octubre 2024 2udccANA